/ 3



Pashchatya Rajnitik Chintan (Record no. 47114)

MARC details
000 -LEADER
fixed length control field 00358nam a22001457a 4500
008 - FIXED-LENGTH DATA ELEMENTS--GENERAL INFORMATION
fixed length control field 250519b |||||||| |||| 00| 0 eng d
040 ## - CATALOGING SOURCE
Original cataloging agency RCL
082 ## - DEWEY DECIMAL CLASSIFICATION NUMBER
Classification number 320.9 B52P
100 ## - MAIN ENTRY--PERSONAL NAME
Personal name Bhagat, R.M.
245 ## - TITLE STATEMENT
Title Pashchatya Rajnitik Chintan
260 ## - PUBLICATION, DISTRIBUTION, ETC.
Place of publication Jalandhar
Name of publisher New Acadmic Pub.
Year of publication 2012p.
300 ## - PHYSICAL DESCRIPTION
Number of Pages 516p.
700 ## - ADDED ENTRY--PERSONAL NAME
Personal name Tandon,Satish
942 ## - ADDED ENTRY ELEMENTS (KOHA)
Koha item type Books
Holdings
Full call number Accession Number Lost status Damaged status Koha item type Not for loan Withdrawn status Home library Current library Date acquired Cost, normal purchase price Cost, replacement price Collection code Shelving location Price effective from
320.9 B52P 50850     Books   Withdrawn RCL RCL   0.00        
320.9 B52P 50851     Books     RCL RCL   325.00 325.00 Political Science Department Books General Stacks  
320.9 B52P 50852 Lost and Cost Paid   Books     RCL RCL   0.00        
320.9 B52P 50853     Books     RCL RCL   325.00 325.00 Political Science Department Books General Stacks  
320.9 B52P 50854     Books     RCL RCL   325.00 325.00 Political Science Department Books General Stacks  
320.9 B52P 50855     Books     RCL RCL   325.00 325.00 Political Science Department Books General Stacks  
320.9 B52P 50849     Books     RCL RCL 05/19/2025 325.00 325.00 Political Science Department Books General Stacks 05/19/2025

Find us on the map

Contact Us

RAMANUJAN COLLEGE UNIVERSITY OF DELHI, KALKAJI, NEW DELHI 110019
library@ramaanujan.du.ac.in
011-35002219
https://library.ramanujancollege.ac.in/
ramanujancollegelibrary
                                 
Customized & Maintained by Department of Library
Visitor Counter